PewDiePie Quiz - Statistics

General Stats
  • This quiz has been taken 201 times
  • The average score is 9 of 12
Answer Stats
Question Answer % Correct
1. What's PewDiePie's real name? Felix Arvid Ulf Kjellberg
100%
2. Where is PewDiePie from? Sweden
99%
3. What's the name of PewDiePie's girlfriend? Marzia Bisognin
95%
4. Where is his girlfriend from? Italy
89%
11. How does he call his subscribers? Bros
88%
5. What's the name of their black dog? Edgar
87%
7. What's the breed of their dogs? Pug
84%
6. What's the name of their white dog? Maya
83%
9. What's the name of the game he played the most? Amnesia
76%
8. Where do they live? Brighton, United Kingdom
76%
10. What's the name of the Golden Statue in that game? Stephano
43%
12. How does he call a chair in any game? Mr. Chair
24%
No matching quizzes found
Score Distribution
Percent of People with Each Score
Percentile by Number Answered
Your Score History
You have not taken this quiz